[Event "Petropolis op"]
[Site "Petropolis"]
[Date "2012.01.29"]
[Round "5"]
[White "Disconzi da Silva, Rodrigo"]
[Black "Burgos, Marcelo Alves"]
[Result "1-0"]
[WhiteElo "2368"]
[BlackElo "2193"]
[PlyCount "51"]
[EventDate "2012.01.27"]
[EventType "swiss"]
[EventRounds "6"]
[EventCountry "BRA"]
[SourceTitle "CBM 146 Extra"]
[Source "ChessBase"]
[SourceDate "2012.02.29"]
[SourceVersion "1"]
[SourceVersionDate "2012.02.29"]
[SourceQuality "1"]

1. d4 Nf6 2. c4 g6 3. f3 Bg7 4. e4 d6 5. Nc3 c6 6. Be3 Nbd7 7. Qd2 h6 8. 0-0-0 Qc7 9. Kb1 a6 10. Nge2 b5 11. Nc1 Bb7 12. Nb3 Nb6 13. e5 dxe5 14. dxe5 Nfd7 15. f4 Nxc4 16. Bxc4 bxc4 17. Na5 Rd8 18. Nxc4 0-0 19. Qc2 Rb8 20. h4 Rfd8 21. e6 Nf8 22. exf7+ Kxf7 23. Rxd8 Qxd8 24. Ba7 Ra8 25. Rd1 Qe8 26. Qb3 1-0

[Event "Dois Irmaos op"]
[Site "Dois Irmaos"]
[Date "2011.12.18"]
[Round "6"]
[White "Bordignon, Alexandro"]
[Black "Burgos, Marcelo Alves"]
[Result "0-1"]
[WhiteElo "1974"]
[BlackElo "2193"]
[PlyCount "71"]
[EventDate "2011.12.16"]
[EventType "swiss"]
[EventRounds "6"]
[EventCountry "BRA"]
[SourceTitle "CBM 146 Extra"]
[Source "ChessBase"]
[SourceDate "2012.02.29"]
[SourceVersion "1"]
[SourceVersionDate "2012.02.29"]
[SourceQuality "1"]

1. Nf3 Nf6 2. g3 g6 3. Bg2 Bg7 4. 0-0 0-0 5. d3 d6 6. Nbd2 c5 7. e4 Nc6 8. c3 Rb8 9. a4 a6 10. Nc4 b5 11. axb5 axb5 12. Ne3 Bb7 13. Nh4 b4 14. Bd2 Ra8 15. Qe2 Nd7 16. f4 Nb6 17. Rxa8 Bxa8 18. f5 bxc3 19. bxc3 Ne5 20. Ng4 Nxg4 21. Qxg4 Nd7 22. fxg6 hxg6 23. Bh3 Ne5 24. Qe2 Qb6 25. Be3 Qa5 26. c4 Qa3 27. Rd1 Bc6 28. Nf3 Ba4 29. Rd2 Rb8 30. Nxe5 Rb1+ 31. Bf1 Bxe5 32. Kg2 Bc3 33. Ra2 Qb3 34. Bf2 Bb2 35. Rxb2 Rxb2 36. Qf3 0-1

[Event "Dois Irmaos op"]
[Site "Dois Irmaos"]
[Date "2011.12.17"]
[Round "4"]
[White "Silva, Eduardo Munoa"]
[Black "Burgos, Marcelo Alves"]
[Result "1-0"]
[WhiteElo "2157"]
[BlackElo "2193"]
[PlyCount "107"]
[EventDate "2011.12.16"]
[EventType "swiss"]
[EventRounds "6"]
[EventCountry "BRA"]
[SourceTitle "CBM 146 Extra"]
[Source "ChessBase"]
[SourceDate "2012.02.29"]
[SourceVersion "1"]
[SourceVersionDate "2012.02.29"]
[SourceQuality "1"]

1. d4 Nf6 2. c4 g6 3. Nc3 Bg7 4. e4 d6 5. Be2 0-0 6. Nf3 e5 7. 0-0 Nc6 8. d5 Ne7 9. Ne1 Nd7 10. Be3 f5 11. f3 f4 12. Bf2 g5 13. b4 Rf6 14. Nd3 Rh6 15. Be1 Nf6 16. c5 Rg6 17. Nf2 h5 18. h3 Kh8 19. Rc1 Neg8 20. cxd6 cxd6 21. Nb5 Ne8 22. Qc2 Bd7 23. Nc3 Nh6 24. Bb5 g4 25. fxg4 hxg4 26. Bxd7 Qxd7 27. Nxg4 Nxg4 28. hxg4 Qxg4 29. Qe2 Qg5 30. Rf3 Rh6 31. Qd3 Nf6 32. Nd1 Rg8 33. Rc2 Bf8 34. Rh3 Ng4 35. Qf3 Be7 36. Rc7 Rgg6 37. Rxh6+ Nxh6 38. Rxb7 Bd8 39. Bf2 Ng4 40. Bxa7 Rh6 41. Rb8 Nh2 42. Qf2 Ng4 43. Qe2 Qh4 44. Nf2 Nxf2 45. Qb5 Qh2+ 46. Kxf2 Qh4+ 47. Kf1 Rg6 48. Bf2 Qg5 49. Ke2 Rg8 50. Qd7 Qg7 51. Qf5 Qg5 52. Qxg5 Bxg5 53. Rxg8+ Kxg8 54. a4 1-0

[Event "Sao Paulo CXSP op"]
[Site "Sao Paulo"]
[Date "2004.05.12"]
[Round "7"]
[White "Cubas, Jose Fernando"]
[Black "Burgos, Marcelo Alves"]
[Result "1-0"]
[WhiteElo "2381"]
[BlackElo "2168"]
[PlyCount "67"]
[EventDate "2004.05.07"]
[EventType "swiss"]
[EventRounds "9"]
[EventCountry "BRA"]
[SourceTitle "CBM 100 Extra"]
[Source "ChessBase"]
[SourceDate "2004.07.06"]
[SourceVersion "2"]
[SourceVersionDate "2004.07.06"]
[SourceQuality "1"]

1. e4 e6 2. d4 d5 3. Nc3 Bb4 4. a3 Bxc3+ 5. bxc3 dxe4 6. Qg4 Nf6 7. Qxg7 Rg8 8. Qh6 c5 9. Ne2 Nbd7 10. h3 Qc7 11. Bb2 b6 12. 0-0-0 c4 13. g4 Bb7 14. Bg2 Rg6 15. Qh4 0-0-0 16. Kb1 h5 17. g5 Rdg8 18. Bc1 Nh7 19. Bxe4 Bxe4 20. Qxe4 Nxg5 21. Qa8+ Nb8 22. Nf4 Rf6 23. Nxh5 Rf5 24. Rdg1 Rh8 25. Bxg5 Rxh5 26. Bf6 Rb5+ 27. Ka2 Qb7 28. Rg8+ Kc7 29. Be5+ Rhxe5 30. Qxb7+ Kxb7 31. dxe5 Rxe5 32. h4 Nd7 33. h5 Nf6 34. h6 1-0

[Event "Itau Cup 450th Ann"]
[Site "Sao Paulo"]
[Date "2004.01.22"]
[Round "7"]
[White "Burgos, Marcelo Alves"]
[Black "Nagashima, Carlos Alberto"]
[Result "1-0"]
[WhiteElo "2154"]
[BlackElo "2047"]
[PlyCount "83"]
[EventDate "2004.01.17"]
[EventType "swiss"]
[EventRounds "9"]
[EventCountry "BRA"]
[SourceTitle "CBM 098 Extra"]
[Source "ChessBase"]
[SourceDate "2004.03.10"]
[SourceVersion "2"]
[SourceVersionDate "2004.03.10"]
[SourceQuality "1"]

1. Nf3 Nf6 2. d4 g6 3. g3 b6 4. Bg2 Bb7 5. 0-0 Bg7 6. c4 0-0 7. Nc3 Ne4 8. Nxe4 Bxe4 9. Be3 d6 10. Qd2 c5 11. Bh6 Nd7 12. Bxg7 Kxg7 13. Qf4 Nf6 14. dxc5 bxc5 15. g4 h6 16. Rac1 Qa5 17. h4 Bc6 18. a3 Rab8 19. Rc2 Ba4 20. Rd2 Bc6 21. Rc2 Rb6 22. Ne1 Ba4 23. Rd2 e5 24. Qe3 Nxg4 25. Qd3 Bd7 26. f3 Nf6 27. Qc2 Ba4 28. Qc1 Bb3 29. Rd3 Nh5 30. Kf2 Qa6 31. Rc3 Qc8 32. Qe3 Ba4 33. Nd3 Bd7 34. b4 cxb4 35. axb4 f6 36. c5 dxc5 37. bxc5 Rb5 38. c6 Bf5 39. Qxa7+ Rf7 40. Qe3 Bxd3 41. Qxd3 Nf4 42. Qxb5 1-0